000 01043cam a2200289 i 4500
999 _c528112
_d528112
001 1270959
003 NUST
005 20190829045127.0
008 750227r19761941njua b 001 0 eng
010 _a 75006534
020 _a0139305785
038 _aM.Ramzan
040 _aDLC
_cDLC
_dDLC
050 0 0 _aHE333
_b.T68 1976
082 0 0 _a388.31
_219
_bBAE
245 0 0 _aTransportation and traffic engineering handbook /
_cInstitute of Traffic Engineers ; John E. Baerwald, editor, associate editors, Matthew J. Huber, Louis E. Keefer.
260 _aEnglewood Cliffs, N.J. :
_bPrentice-Hall,
_cc1976.
300 _aviii, 1080 p. :
_bill. ;
_c24 cm.
500 _aPublished 1941-65 under title: Traffic engineering handbook.
504 _aIncludes bibliographies and index.
650 0 _aTraffic engineering.
_9394
650 0 _aTransportation.
_913117
700 1 _aBaerwald, John Edward,
_d1925-
_919687
710 2 _aInstitute of Traffic Engineers.
_919574
906 _a7
_bcbc
_corignew
_d1
_eocip
_f19
_gy-gencatlg
942 _2ddc
_cBK